Využitie aplikácií Business Intelligence v riadení výkonnosti podniku diplomová práca

Uložené v:
Podrobná bibliografia
Hlavný autor: Kurtin, Matej
Korporativný autor: Fakulta podnikového manažmentu EU. Katedra informačného manažmentu
Ďalší autori: Romanová, Anita, 1973-
Médium: Kniha
Jazyk:Slovak
Vydavateľské údaje: Bratislava 2023
Tagy: Pridať tag
Žiadne tagy, Buďte prvý, kto otaguje tento záznam!

MARC

LEADER 00000nbm a2200000 4500
001 0293541
005 20240312145257.9
041 0 |a slo 
044 |a SK 
245 1 0 |a Využitie aplikácií Business Intelligence v riadení výkonnosti podniku  |b diplomová práca  |c Matej Kurtin ; školiteľ: Vladimír Bolek 
264 1 |a Bratislava  |c 2023 
300 |a 64 s. 
100 1 |a Kurtin, Matej 
700 1 |a Romanová, Anita, 1973- 
710 2 |a Fakulta podnikového manažmentu EU. Katedra informačného manažmentu